MARC

LEADER 00000nam2a2200000 4500
001 80518
005 20231031094643.0
035 |a (RuTPU)RU\TPU\book\86545 
090 |a 80518 
100 |a 20050906d1968 m y0rusy50 ca 
101 0 |a rus 
102 |a RU 
105 |a y n 010zy 
200 0 |a Т. 1. Сборник законов СССР и указов Президиума Верховного Совета СССР: 1938 - 1967 
210 |a Москва  |d 1968 
215 |a 751 с. 
320 |a Хронологический перечень: с. 711 - 751. 
461 1 |0 (RuTPU)RU\TPU\book\86543  |t Сборник законов СССР   |o в 2 т.  |v Т. 1. Сборник законов СССР и Указов Президиума Верховного Совета СССР: 1938 - 1967  |d 1968 -  
610 1 |a законодательство 
610 1 |a СССР 
610 1 |a конституционные акты 
610 1 |a Конституция СССР, 1936 
610 1 |a государственное устройство 
610 1 |a органы государственной власти 
610 1 |a органы государственного управления 
610 1 |a государственные символы 
610 1 |a государственный герб СССР 
610 1 |a государственный флаг СССР 
610 1 |a народное хозяйство СССР 
610 1 |a народное образование СССР 
610 1 |a внешнеполитические соглашения 
610 1 |a международные Ленинские премии 
610 1 |a международные Сталинские премии 
610 1 |a оборона СССР 
610 1 |a законы 
610 1 |a указы 
610 1 |a постановления 
610 1 |a документы 
610 1 |a управление 
686 |a Х  |v LBC/SL-A  |2 rubbk 
801 1 |a RU  |b 63413507  |c 20050906  |g PSBO 
801 2 |a RU  |b 63413507  |c 20230629  |g PSBO 
942 |c BK